00633nam a2200205Ia 4500008004100000020001600041050000900057050001400066245003200080245004700112260001800159260000900177300001600186300002700202300001100229500002000240650003800260999001900298952011000317170203s9999 xx 000 0 und d a0 709714726 a0 30 bT374 2002 4aThe big book of knowledge : ban encyclopedia of questions and answers / bBrown Watson. c2002 a187 pages : bcolor illustrations ;  c30 cm. aincludes index. aChildren's questions and answers. c305689d305689 001040aSSISBbSSISBc REFd2017-02-03l0o030 .T374 2002pLS- 2491r2017-02-03 00:00:00w2017-02-03yBK